| 000 | 00377 a2200145 4500 | ||
|---|---|---|---|
| 005 | 20250317073058.0 | ||
| 020 | _a9987 8988-1-5 | ||
| 082 | _a346.07 MWA | ||
| 100 | _aMWAKAJINGA, J. E. | ||
| 245 | _aBusiness Law | ||
| 250 | _aVolume 1 | ||
| 260 |
_aDar Es Salaam _bBanyakajinga Elimu Establishments _c2005 |
||
| 300 |
_axlvi, 456p.: ill.; table _bIndex _c20cm. |
||
| 942 |
_2ddc _cBKS |
||
| 999 |
_c722 _d722 |
||